Online
Catalog

Colima a inicios de la década de los veinte : (Record no. 2734)

MARC details
000 -CABECERA
campo de control de longitud fija 00996cam a2200241 a 4500
001 - NÚMERO DE CONTROL
campo de control 000002900
005 - FECHA Y HORA DE LA ÚLTIMA TRANSACCIÓN
campo de control 20200929150259.0
008 - DATOS DE LONGITUD FIJA--INFORMACIÓN GENERAL
campo de control de longitud fija 960522s1993 mx f000 0 spa
010 ## - NÚMERO DE CONTROL DE LA BIBLIOTECA DEL CONGRESO
Número de control de LC 96152133
020 ## - NÚMERO INTERNACIONAL ESTÁNDAR DEL LIBRO
Número Internacional Estándar del Libro 9687389036
020 ## - NÚMERO INTERNACIONAL ESTÁNDAR DEL LIBRO
Número Internacional Estándar del Libro 9687389001
040 ## - FUENTE DE LA CATALOGACIÓN
Centro catalogador/agencia de origen DO-SdBNP
Lengua de catalogación spa
Centro/agencia transcriptor BNPHU
082 ## - NÚMERO DE LA CLASIFICACIÓN DECIMAL DEWEY
Número de clasificación 972.36
Número de documento/Ítem C696i
245 00 - MENCIÓN DE TÍTULO
Título Colima a inicios de la década de los veinte :
Resto del título aspectos de una crisis política : antología /
Mención de responsabilidad, etc. Pablo Serrano Alvarez, introducción, selección y notas.
260 ## - PUBLICACIÓN, DISTRIBUCIÓN, ETC.
Lugar de publicación, distribución, etc. Colima, Col., México :
Nombre del editor, distribuidor, etc. Universidad de Colima, Coordinación General de Extensión Universitaria :
-- Gobierno del Estado de Colima, Instituto Colimense de Cultura ;,
Fecha de publicación, distribución, etc. 1993.
300 ## - DESCRIPCIÓN FÍSICA
Extensión x, 103 p. ;
Dimensiones 28 cm.
490 1# - MENCIÓN DE SERIE
Mención de serie Documentos colimenses ;
Designación de volumen o secuencia 3
500 ## - NOTA GENERAL
Nota general "Proyecto historia general de Colima."
651 #4 - PUNTO DE ACCESO ADICIONAL DE MATERIA--NOMBRE GEOGRÁFICO
Nombre geográfico Colima (México{Rpara}
Subdivisión general Historia
9 (RLIN) 9212
700 1# - PUNTO DE ACCESO ADICIONAL--NOMBRE DE PERSONA
Nombre de persona Serrano Alvarez, Pablo.
9 (RLIN) 9213
830 #0 - PUNTO DE ACCESO ADICIONAL DE SERIE-TÍTULO UNIFORME
Título uniforme Documentos colimenses ;
Designación de volumen o secuencia 3
9 (RLIN) 9214
910 ## - DATOS DE OPCIÓN DEL USUARIO (OCLC)
Datos de opción del usuario Validado. Control de calidad MFF
Holdings
Estado de retiro Estado de pérdida Restricciones de uso No para préstamo Código de colección Localización permanente Ubicación/localización actual Ubicación en estantería Fecha de adquisición Número de inventario Total de préstamos Signatura topográfica completa Código de barras Fecha visto por última vez Precio válido a partir de Tipo de ítem Koha
    Préstamo interno   Monografías: Libros y Folletos General General Depósito 04.07.2009 LF1   972.36 C696i 2900-10 25.06.2020 25.06.2020 Préstamo interno
        Monografías: Libros y Folletos Patrimonio Dominicano Patrimonio Dominicano Orden iniciada 02.06.2017 LF1   972.36 C696i 2900-20 25.06.2020 25.06.2020 No se presta

Powered by Koha